Datum a čas kvízu
21
Celkem bodů
Celkový počet nahraných bodů na tomto kvízu bez doplňovacích otázek.
3.
Pořadí na kvízu
Konečné umístění týmu na tomto kvízu.
Zaznamenané odpovědi
| # | Otázka | Odpověď | Body | Výsledky |
|---|---|---|---|---|
| 1. | Jeden myslivec šel v minulých... | tabák | 0 | |
| 2. | Prezident Umar al-Bašír pod tl... | v Súdánu | 1 | |
| 3. | Australský herec vyhrál soudní... | Geoffrey Rush | 0 | |
| 4. | Strakonická firma, specializuj... | Moira | 1 | |
| 5. | Jedničkou výběru kapitána Petr... | Lucie Šafářová | 0 | |
| 6. | V tomto tématu se podíváme na... | Všechno bude, Zelená kniha | 1 | |
| 5. | Jak se jmenuje komediální road... | Blbý a blbější | 0 | |
| 8. | Komediální road movie Pařba ve... | Vo štvorici po opici | 0 | |
| 5. | Road movie, v níž se dva bratř... | Charlie, Raymond | 0 | |
| 10. | Jistou formou road movies jsou... | v Argentině | 1 |